[Event "C.to Italiano di Categoria C"]
[Site "Civitanova Marche ITA"]
[Date "2012.07.21"]
[Round "7"]
[White "Falchi, Claudio"]
[Black "Maddaloni, Giovanni"]
[WhiteElo "1849"]
[BlackElo "1755"]
[Result "1-0"]
[PlyCount "59"]
[EventDate "2012.07.15"]

1. e4 c5 2. Nc3 Nc6 3. g3 g6 4. Bg2 Bg7 5. d3 e6 6. f4 Nge7 7. e5 d6 8. exd6
Bxc3+ 9. bxc3 Qxd6 10. Nf3 O-O 11. Nd2 Nd5 12. Ne4 Qe7 13. c4 Nf6 14. Bb2 Nxe4
15. Bxe4 Nd4 16. O-O Bd7 17. Bxd4 cxd4 18. Qf3 Bc6 19. Bxc6 bxc6 20. Qxc6 Rfc8
21. Qe4 Qc5 22. Rfb1 Rab8 23. Rb3 Rb6 24. Rab1 Rcb8 25. Qe5 Qxe5 26. fxe5 Kg7
27. Rxb6 Rxb6 28. Rxb6 axb6 29. a4 Kf8 30. c5 1-0

[Event "C.to Italiano di Categoria C"]
[Site "Civitanova Marche ITA"]
[Date "2012.07.21"]
[Round "7"]
[White "Gorgoglione, Enrico"]
[Black "Battistelli, Alessandro"]
[WhiteElo "1956"]
[BlackElo "1963"]
[Result "1-0"]
[PlyCount "82"]
[EventDate "2012.07.15"]

1. e4 e5 2. Nf3 Nf6 3. Bc4 Nc6 4. O-O Bc5 5. c3 O-O 6. d4 exd4 7. cxd4 Be7 8.
e5 Ne8 9. a3 d5 10. Bd3 Bg4 11. Be3 f6 12. exf6 Bxf6 13. Be2 Ne7 14. h3 Bd7 15.
Qb3 Bc6 16. Bd3 Nd6 17. Qc2 h6 18. Nbd2 Bb5 19. Bh7+ Kf7 20. Bd3 Bxd3 21. Qxd3
Ndf5 22. Bf4 g5 23. Be5 Bxe5 24. Nxe5+ Kg7 25. Ndf3 Qd6 26. Rae1 Ng6 27. Nxg6
Qxg6 28. Ne5 Qd6 29. f4 Qb6 30. Nd7 Qxd4+ 31. Qxd4+ Nxd4 32. Nxf8 Rxf8 33. Re7+
Kg6 34. fxg5 Rd8 35. gxh6 Kxh6 36. Rxc7 Ne2+ 37. Kf2 Nf4 38. Kg3 Rg8+ 39. Kf3
Nxg2 40. Rxb7 Nh4+ 41. Ke2 Rg2+ 1-0

[Event "C.to Italiano di Categoria C"]
[Site "Civitanova Marche ITA"]
[Date "2012.07.21"]
[Round "7"]
[White "Jones, Alessandro"]
[Black "Mircoli, Filippo"]
[WhiteElo "1966"]
[BlackElo "1688"]
[Result "1-0"]
[PlyCount "75"]
[EventDate "2012.07.15"]

1. d4 e6 2. Nf3 Nf6 3. e3 d5 4. Bd3 g6 5. Nbd2 Bg7 6. b4 Nbd7 7. Bb2 O-O 8. a4
b6 9. O-O Bb7 10. c4 c5 11. dxc5 bxc5 12. b5 Qc7 13. Qc2 Rfc8 14. a5 dxc4 15.
Bxc4 Bd5 16. Rfb1 Rcb8 17. Bc3 Ne8 18. Bxg7 Kxg7 19. Qb3 Nef6 20. Qc3 Kg8 21.
Ra2 Ne4 22. Nxe4 Bxe4 23. Rc1 Bxf3 24. gxf3 Qd8 25. Bf1 Qg5+ 26. Bg2 Rd8 27. f4
Qh4 28. Bxa8 Rxa8 29. f3 Nf6 30. Qxc5 Nd5 31. Rg2 Qh5 32. Rg3 Qf5 33. e4 Qxf4
34. exd5 exd5 35. b6 axb6 36. axb6 Ra2 37. b7 Rb2 38. Qc8+ 1-0

[Event "C.to Italiano di Categoria C"]
[Site "Civitanova Marche ITA"]
[Date "2012.07.21"]
[Round "7"]
[White "Marani, Luca"]
[Black "Vilona, Leonardo"]
[WhiteElo "1816"]
[BlackElo "1806"]
[Result "1/2-1/2"]
[PlyCount "64"]
[EventDate "2012.07.15"]

1. e4 d6 2. d4 Nf6 3. Nc3 g6 4. f4 Bg7 5. Nf3 c5 6. e5 Nfd7 7. exd6 O-O 8. dxe7
Qxe7+ 9. Be2 cxd4 10. Nxd4 Qc5 11. Be3 Nc6 12. Na4 Qa5+ 13. c3 Re8 14. Kf2 Nf6
15. Bf3 Ng4+ 16. Bxg4 Bxg4 17. Nxc6 bxc6 18. Qxg4 Qxa4 19. Rhd1 Re6 20. Rd3
Rae8 21. Qd1 Qe4 22. Qd2 a6 23. Re1 Qf5 24. Rd8 Bf6 25. Rxe8+ Rxe8 26. Re2 Rd8
27. Qc2 Qg4 28. Rd2 Re8 29. Qd1 Qh4+ 30. Kf3 Qh5+ 31. Kf2 Qh4+ 32. Kf3 Qh5+
1/2-1/2

[Event "C.to Italiano di Categoria C"]
[Site "Civitanova Marche ITA"]
[Date "2012.07.21"]
[Round "7"]
[White "Marconi, Luca"]
[Black "Cocconcelli, Lorenzo"]
[WhiteElo "1820"]
[BlackElo "1994"]
[Result "0-1"]
[PlyCount "64"]
[EventDate "2012.07.15"]

1. d4 d5 2. c4 c6 3. Nf3 Nf6 4. e3 e6 5. Nbd2 Nbd7 6. Bd3 dxc4 7. Nxc4 b5 8.
Nce5 Bb7 9. O-O Bd6 10. Nxd7 Nxd7 11. b3 a6 12. Bb2 O-O 13. Qc2 g6 14. Ne5 Rc8
15. f4 c5 16. Qf2 cxd4 17. Bxd4 Nxe5 18. fxe5 Bc5 19. Rad1 Qb6 20. Qh4 Qd8 21.
Qf2 Qe7 22. Qf4 Rfd8 23. Be4 Bxd4 24. exd4 Bxe4 25. Qxe4 Rd5 26. Qf4 Rc2 27.
Rd2 Rxd2 28. Qxd2 Qa7 29. Rf4 Rxe5 30. Qf2 Rd5 31. Rh4 e5 32. Rh6 Rxd4 0-1

[Event "C.to Italiano di Categoria C"]
[Site "Civitanova Marche ITA"]
[Date "2012.07.21"]
[Round "7"]
[White "Mastroddi, Giuseppe"]
[Black "Capossela, Fabio"]
[WhiteElo "1684"]
[BlackElo "1693"]
[Result "1/2-1/2"]
[PlyCount "83"]
[EventDate "2012.07.15"]

1. d4 d6 2. Nf3 Nf6 3. e3 g6 4. c3 Bg7 5. Bd3 Nbd7 6. O-O O-O 7. Nbd2 e5 8. Re1
Re8 9. dxe5 dxe5 10. e4 Nb6 11. Bc2 Bg4 12. h3 Bd7 13. Nb3 Qe7 14. Bg5 Rad8 15.
Qc1 Nc4 16. Nbd2 Nd6 17. Nf1 Qf8 18. b3 h6 19. Bh4 Bc6 20. Bxf6 Bxf6 21. c4 Re6
22. Qe3 a6 23. Rad1 Bg7 24. Ng3 Rde8 25. Qe2 b5 26. c5 Nb7 27. b4 a5 28. a3 a4
29. Bb1 Rb8 30. Rd3 Nd8 31. Qd1 Re7 32. Nf1 Bb7 33. Ba2 Kh7 34. N3h2 f5 35. Nd2
fxe4 36. Nxe4 Ne6 37. Bxe6 Rxe6 38. Rf3 Qe7 39. Rd3 Bc6 40. Nf1 Qh4 41. Qg4
Qxg4 42. hxg4 1/2-1/2

[Event "C.to Italiano di Categoria C"]
[Site "Civitanova Marche ITA"]
[Date "2012.07.21"]
[Round "7"]
[White "Medorini, Massimiliano"]
[Black "Fragni, Enrico"]
[WhiteElo "1884"]
[BlackElo "1636"]
[Result "0-1"]
[PlyCount "47"]
[EventDate "2012.07.15"]

1. Nf3 d6 2. c4 Nf6 3. Nc3 c6 4. g3 e5 5. Bg2 Be7 6. O-O Be6 7. d3 h6 8. Rb1
O-O 9. b4 a6 10. a4 Bd7 11. Qc2 Qc7 12. d4 b5 13. axb5 axb5 14. cxb5 cxb5 15.
Qd3 Bc6 16. Nxb5 Qb7 17. Nc3 e4 18. Qe3 exf3 19. exf3 Nd5 20. Nxd5 Bxd5 21. b5
Bf6 22. Ba3 Qb6 23. Rfd1 Nd7 24. Bb4 0-1

[Event "C.to Italiano di Categoria C"]
[Site "Civitanova Marche ITA"]
[Date "2012.07.21"]
[Round "7"]
[White "Nassetti, Francesco"]
[Black "Tagliaferri, Valerio"]
[WhiteElo "1843"]
[BlackElo "1837"]
[Result "1-0"]
[PlyCount "81"]
[EventDate "2012.07.15"]

1. e4 c5 2. Nf3 d6 3. d4 cxd4 4. Nxd4 Nf6 5. Nc3 g6 6. h3 Bg7 7. g4 Nc6 8. Nb3
Be6 9. Bg2 a6 10. O-O O-O 11. Qe2 Rc8 12. Rd1 Qc7 13. f4 Bxb3 14. cxb3 e6 15.
Be3 Rfd8 16. Na4 Nd7 17. Qf2 Qb8 18. Rd2 Bf8 19. h4 b5 20. Nc3 Be7 21. Rad1 Nc5
22. g5 b4 23. Ne2 Bf8 24. h5 Nb7 25. Qf3 Rd7 26. Bh3 Nbd8 27. Bg4 f5 28. gxf6
Rf7 29. f5 Rxf6 30. Bg5 Ne5 31. Qg2 Nxg4 32. Qxg4 exf5 33. exf5 Qa7+ 34. Nd4
Rf7 35. hxg6 hxg6 36. fxg6 Rfc7 37. Be3 Rc1 38. Nf5 Rxd1+ 39. Rxd1 Qc7 40. Bd4
Qc2 41. Qh5 1-0

[Event "C.to Italiano di Categoria C"]
[Site "Civitanova Marche ITA"]
[Date "2012.07.21"]
[Round "7"]
[White "Quattrini, Massimo"]
[Black "Aprile, Martino"]
[WhiteElo "1944"]
[BlackElo "1925"]
[Result "0-1"]
[PlyCount "104"]
[EventDate "2012.07.15"]

1. e4 b6 2. Nf3 Bb7 3. d3 c5 4. Be2 e6 5. O-O Nf6 6. Bg5 Be7 7. Nbd2 d5 8. exd5
Nxd5 9. Bxe7 Nxe7 10. Nb3 O-O 11. d4 cxd4 12. Qxd4 Qxd4 13. Nbxd4 Nbc6 14. Rad1
Rfd8 15. c3 Nxd4 16. Nxd4 a6 17. Bf3 Bxf3 18. Nxf3 Nc6 19. Rfe1 Kf8 20. Kf1 h6
21. Ke2 Ke7 22. Rd2 Rxd2+ 23. Nxd2 Rd8 24. Rd1 f6 25. Ne4 Rxd1 26. Kxd1 f5 27.
Nd2 g5 28. Ke2 e5 29. a4 b5 30. axb5 axb5 31. f3 Ke6 32. Kd3 Na5 33. Nb1 Nc6
34. Na3 Na7 35. b4 Kd6 36. c4 Kc6 37. Nxb5 Nxb5 38. cxb5+ Kxb5 39. Kc3 h5 40.
h3 h4 41. Kb3 f4 42. Kc3 e4 43. fxe4 g4 44. e5 Kc6 45. hxg4 f3 46. gxf3 h3 47.
Kd4 h2 48. f4 h1=Q 49. g5 Qd5+ 50. Ke3 Kd7 51. b5 Ke6 52. b6 Kf5 0-1

[Event "C.to Italiano di Categoria C"]
[Site "Civitanova Marche ITA"]
[Date "2012.07.21"]
[Round "7"]
[White "Ricci, Alessio"]
[Black "Tortolini, Francesco"]
[WhiteElo "1918"]
[BlackElo "1895"]
[Result "1/2-1/2"]
[PlyCount "125"]
[EventDate "2012.07.15"]

1. d4 Nf6 2. Nf3 g6 3. Nbd2 d5 4. e3 Bg7 5. Bd3 O-O 6. Ne5 c5 7. c3 Nc6 8. Nxc6
bxc6 9. dxc5 Nd7 10. Nb3 a5 11. a4 e6 12. O-O Qe7 13. Bd2 Ba6 14. Bxa6 Rxa6 15.
Rb1 Nxc5 16. Nxc5 Qxc5 17. Qe2 Qc4 18. Qxc4 dxc4 19. Rbd1 Rd8 20. e4 Rb6 21.
Bc1 Rbb8 22. f3 h5 23. Kf2 Kf8 24. Ke2 Ke7 25. Rxd8 Rxd8 26. Be3 Rb8 27. Bc1
Be5 28. f4 Bc7 29. e5 g5 30. f5 Bxe5 31. Bxg5+ f6 32. Bc1 Rg8 33. g3 h4 34.
gxh4 Rg2+ 35. Rf2 Rxh2 36. Rxh2 Bxh2 37. fxe6 Kxe6 38. Kf3 Kf5 39. Be3 Bc7 40.
h5 Bd8 41. Bf4 Bb6 42. h6 Kg6 43. Ke4 f5+ 44. Kf3 Bd8 45. Kg3 Kh7 46. Kf3 Kg6
47. Ke3 Bb6+ 48. Kd2 Bd8 49. Kc2 Bb6 50. b3 cxb3+ 51. Kxb3 Kh7 52. c4 Bc5 53.
Bd2 Bb6 54. Bf4 Bc5 55. Kc3 Kg6 56. Kd3 Bb6 57. Bd2 Kh7 58. Ke2 Kg6 59. Kf3 Bc7
60. c5 Bd8 61. Bf4 Bf6 62. Ke3 Bc3 63. Kd3 1/2-1/2

[Event "C.to Italiano di Categoria C"]
[Site "Civitanova Marche ITA"]
[Date "2012.07.21"]
[Round "7"]
[White "Rubini, Alessandro"]
[Black "Occhipinti, Giuseppe"]
[WhiteElo "1917"]
[BlackElo "1971"]
[Result "1/2-1/2"]
[PlyCount "130"]
[EventDate "2012.07.15"]

1. e4 e5 2. Nf3 Nc6 3. d4 exd4 4. Nxd4 Nf6 5. Nc3 Bb4 6. Nxc6 bxc6 7. Bd3 d5 8.
Bd2 Bg4 9. f3 Bxc3 10. Bxc3 Be6 11. O-O O-O 12. e5 Nd7 13. f4 f5 14. Rf3 Rb8
15. Rh3 g6 16. Qd2 Nc5 17. Bb4 Ne4 18. Bxe4 dxe4 19. Qc3 Re8 20. Ba3 Qd5 21.
Qe1 Qd4+ 22. Qf2 Red8 23. Rc3 Qxf2+ 24. Kxf2 Rb6 25. Ke2 Kf7 26. b3 Rd5 27. Bc5
Rb7 28. Be3 Bd7 29. Rc4 c5 30. Rxc5 Rxc5 31. Bxc5 a6 32. Rd1 Ke6 33. Rd4 Rb5
34. Bf8 Rd5 35. Rb4 Rb5 36. Ra4 Rb6 37. Rd4 Rb5 38. c4 Rb6 39. Bc5 Rb7 40. Kd2
Rb8 41. h4 h6 42. Kc3 g5 43. hxg5 hxg5 44. g3 gxf4 45. gxf4 Rh8 46. Rd2 Rh3+
47. Kb4 Rf3 48. Rf2 Rxf2 49. Bxf2 Bc8 50. Kc5 Bb7 51. Bh4 Kd7 52. Bf2 Ba8 53.
Kb4 Kc6 54. Ka5 Bb7 55. Kb4 Bc8 56. a4 Bd7 57. Ka5 Kb7 58. b4 Be6 59. c5 c6 60.
b5 cxb5 61. axb5 axb5 62. Kxb5 Bd7+ 63. Kc4 Kc6 64. Kd4 Be6 65. Be3 Bg8 1/2-1/2

[Event "C.to Italiano di Categoria C"]
[Site "Civitanova Marche ITA"]
[Date "2012.07.21"]
[Round "7"]
[White "Spano' Cuomo, Gaetano"]
[Black "Piana, Ricardo"]
[WhiteElo "1781"]
[BlackElo "1808"]
[Result "1/2-1/2"]
[PlyCount "77"]
[EventDate "2012.07.15"]

1. c4 e5 2. e4 Nc6 3. Nf3 Nf6 4. Nc3 Be7 5. Be2 O-O 6. d3 d6 7. O-O Nd7 8. Nd5
Nc5 9. Nxe7+ Qxe7 10. h3 f5 11. a3 f4 12. b4 Ne6 13. b5 Ncd4 14. Bb2 Nxf3+ 15.
Bxf3 Ng5 16. Kh2 Be6 17. Rh1 Rf6 18. Kg1 Raf8 19. Kf1 Rg6 20. Ke1 c6 21. a4 Qc7
22. Kd2 cxb5 23. axb5 Qb6 24. Qe2 a5 25. Ra4 Ra8 26. Rha1 Qc7 27. b6 Qxb6 28.
Bc3 Rf6 29. Rxa5 Rxa5 30. Rxa5 Rf8 31. Rb5 Qa7 32. Ra5 Qb6 33. Kc2 Bd7 34. h4
Ne6 35. Qe1 Nc5 36. Bd1 Ba4+ 37. Kd2 Bxd1 38. Rb5 Qa7 39. Qxd1 1/2-1/2

[Event "C.to Italiano di Categoria C"]
[Site "Civitanova Marche ITA"]
[Date "2012.07.22"]
[Round "8"]
[White "Cautiero, Pietro"]
[Black "Capossela, Fabio"]
[WhiteElo "1701"]
[BlackElo "1693"]
[Result "1-0"]
[PlyCount "79"]
[EventDate "2012.07.15"]

1. Nf3 d5 2. g3 Nf6 3. Bg2 Nbd7 4. d4 e6 5. Nbd2 c5 6. e3 cxd4 7. exd4 b5 8.
O-O Be7 9. a4 b4 10. a5 Ba6 11. Re1 Rc8 12. Ne5 Qc7 13. Nxd7 Nxd7 14. Re3 O-O
15. c3 Nf6 16. Nb3 Bc4 17. Bd2 bxc3 18. Bxc3 Rb8 19. Nd2 Ba6 20. h3 Bd6 21. Rc1
Qd8 22. Nb3 Nd7 23. Be1 Bb5 24. Nc5 Re8 25. b4 Nf8 26. Bc3 Bc4 27. Bf1 Bxf1 28.
Qxf1 Qc8 29. Bd2 Qd8 30. Qe2 Re7 31. b5 Rc8 32. Bb4 Kh8 33. Rec3 f5 34. Nb7
Rxb7 35. Rxc8 Qe7 36. Bxd6 Qxd6 37. R1c6 Qa3 38. Qxe6 Rxb5 39. Rxf8+ Qxf8 40.
Rc8 1-0

[Event "C.to Italiano di Categoria C"]
[Site "Civitanova Marche ITA"]
[Date "2012.07.22"]
[Round "8"]
[White "Cocconcelli, Lorenzo"]
[Black "Ricci, Alessio"]
[WhiteElo "1994"]
[BlackElo "1918"]
[Result "1-0"]
[PlyCount "89"]
[EventDate "2012.07.15"]

1. d4 d5 2. c4 Nc6 3. Nc3 Nf6 4. Nf3 Bf5 5. e3 e6 6. Bd3 Bg6 7. O-O Bd6 8. c5
Be7 9. a3 Bxd3 10. Qxd3 a6 11. b4 O-O 12. Bd2 Nd7 13. Rfc1 f5 14. Rab1 b5 15.
cxb6 Nxb6 16. Ne2 Nc4 17. Be1 Bd6 18. Nd2 Nxd2 19. Qxd2 Nb8 20. f3 Nd7 21. Bg3
Bxg3 22. hxg3 Nb6 23. Nf4 Rf6 24. Rb3 Nc4 25. Qe2 Qd6 26. Kf2 Raf8 27. Nd3 Rg6
28. f4 Rg4 29. Ne5 Nxe5 30. dxe5 Qb6 31. Rc5 Ra8 32. Qc2 g5 33. Rc6 Qb5 34.
Rxc7 gxf4 35. gxf4 Qe8 36. Qc6 Qxc6 37. Rxc6 Rg6 38. a4 Kf7 39. Rc7+ Kg8 40.
Rbc3 h5 41. Rc8+ Rxc8 42. Rxc8+ Kf7 43. b5 axb5 44. axb5 Ke7 45. b6 1-0

[Event "C.to Italiano di Categoria C"]
[Site "Civitanova Marche ITA"]
[Date "2012.07.22"]
[Round "8"]
[White "Danese, Aldo"]
[Black "Spano' Cuomo, Gaetano"]
[WhiteElo "1864"]
[BlackElo "1781"]
[Result "1/2-1/2"]
[PlyCount "92"]
[EventDate "2012.07.15"]

1. Nf3 Nf6 2. g3 g6 3. Bg2 Bg7 4. d3 d5 5. O-O O-O 6. c3 c5 7. Bg5 Nc6 8. Nbd2
e5 9. Qc2 Be6 10. e4 d4 11. Rad1 h6 12. Bxf6 Bxf6 13. h3 Qd7 14. Kh2 b5 15. Nb3
Be7 16. cxd4 cxd4 17. Nc5 Bxc5 18. Qxc5 f6 19. b3 Ne7 20. Rc1 Rac8 21. Qa3 Kg7
22. Ng1 Rxc1 23. Rxc1 Rc8 24. Rxc8 Nxc8 25. Qc1 b4 26. f4 Ne7 27. fxe5 fxe5 28.
Qc5 Nc6 29. Nf3 Kf6 30. g4 Qc8 31. g5+ hxg5 32. Qc1 Bd7 33. Qxg5+ Kg7 34. h4
Qh8 35. Qg3 Qh5 36. Bh3 Bxh3 37. Qxh3 Nd8 38. Kg3 Nf7 39. Qd7 Qh8 40. Qxa7 Kg8
41. Qe7 Qh6 42. Qf6 Qe3 43. Qxg6+ Kf8 44. Qa6 Qf4+ 45. Kg2 Qc1 46. Qc4 Qc3
1/2-1/2

[Event "C.to Italiano di Categoria C"]
[Site "Civitanova Marche ITA"]
[Date "2012.07.22"]
[Round "8"]
[White "Della Sala, Bruno"]
[Black "Gorgoglione, Enrico"]
[WhiteElo "1826"]
[BlackElo "1956"]
[Result "1/2-1/2"]
[PlyCount "34"]
[EventDate "2012.07.15"]

1. d4 c5 2. d5 d6 3. c4 e5 4. Nc3 f5 5. e4 Nf6 6. Bd3 f4 7. a3 Be7 8. b4 b6 9.
Nf3 O-O 10. Qb3 Bg4 11. h3 Bxf3 12. gxf3 Nbd7 13. Bb2 Qc7 14. Kd2 a6 15. b5 a5
16. Rag1 Nh5 17. Bf1 Bh4 1/2-1/2

[Event "C.to Italiano di Categoria C"]
[Site "Civitanova Marche ITA"]
[Date "2012.07.22"]
[Round "8"]
[White "Faini, Marco"]
[Black "Rubini, Alessandro"]
[WhiteElo "1908"]
[BlackElo "1917"]
[Result "1/2-1/2"]
[PlyCount "69"]
[EventDate "2012.07.15"]

1. c4 f5 2. g3 Nf6 3. Bg2 d6 4. Nc3 g6 5. d3 Bg7 6. e3 O-O 7. Nge2 c6 8. Rb1 e5
9. O-O a5 10. a3 Be6 11. b4 axb4 12. axb4 Nbd7 13. b5 Qc7 14. bxc6 bxc6 15. Qc2
d5 16. cxd5 cxd5 17. d4 e4 18. Rb3 Rfc8 19. Qb1 Bf8 20. Bd2 Rab8 21. Rc1 Qc4
22. Rxb8 Rxb8 23. Qc2 Ba3 24. Rb1 Rc8 25. Nf4 Bf7 26. Bf1 Qc6 27. Qb3 Bf8 28.
Qb7 g5 29. Nfe2 Ne8 30. Qxc6 Rxc6 31. Rb7 Rc7 32. Rxc7 Nxc7 33. Nc1 Ne8 34. Na4
Nd6 35. Bb4 1/2-1/2

[Event "C.to Italiano di Categoria C"]
[Site "Civitanova Marche ITA"]
[Date "2012.07.22"]
[Round "8"]
[White "Fragni, Enrico"]
[Black "Nassetti, Francesco"]
[WhiteElo "1636"]
[BlackElo "1843"]
[Result "0-1"]
[PlyCount "64"]
[EventDate "2012.07.15"]

1. g3 e5 2. Bg2 Nf6 3. d3 d5 4. Nd2 c6 5. e4 Bg4 6. f3 Bh5 7. Ne2 Bc5 8. Nf1
Qb6 9. Nd2 dxe4 10. dxe4 O-O 11. Nc3 Rd8 12. Qe2 Bd4 13. Nb3 a5 14. a3 Na6 15.
Na4 Qa7 16. Bg5 b5 17. Nc3 a4 18. Nxd4 Rxd4 19. Be3 Qd7 20. Bxd4 exd4 21. O-O-O
b4 22. Nb1 c5 23. c3 Qc6 24. Qc4 Nxe4 25. fxe4 Bxd1 26. Kxd1 dxc3 27. bxc3 Rd8+
28. Kc1 Qh6+ 29. Kb2 Rd2+ 30. Ka1 b3 31. Qxf7+ Kxf7 32. Rf1+ Ke6 0-1

[Event "C.to Italiano di Categoria C"]
[Site "Civitanova Marche ITA"]
[Date "2012.07.22"]
[Round "8"]
[White "Gobbo, Francesco"]
[Black "Di Mantino, Mauro"]
[WhiteElo "1982"]
[BlackElo "1962"]
[Result "1-0"]
[PlyCount "59"]
[EventDate "2012.07.15"]

1. d4 Nf6 2. c4 g6 3. Nc3 Bg7 4. e4 d6 5. Nf3 O-O 6. Be2 e5 7. d5 a5 8. Bg5 Na6
9. Nd2 h6 10. Be3 Nc5 11. O-O Ne8 12. b3 f5 13. f3 f4 14. Bxc5 dxc5 15. a3 g5
16. Rb1 h5 17. b4 axb4 18. axb4 cxb4 19. Rxb4 Ra6 20. c5 Rg6 21. Nc4 Rf7 22. d6
cxd6 23. Nb5 g4 24. fxg4 hxg4 25. Ncxd6 Nxd6 26. Nxd6 Rxd6 27. Qxd6 Rd7 28.
Qe6+ Kh8 29. Bxg4 Rc7 30. Qd6 1-0

[Event "C.to Italiano di Categoria C"]
[Site "Civitanova Marche ITA"]
[Date "2012.07.22"]
[Round "8"]
[White "Maddaloni, Giovanni"]
[Black "Faini, Ivano"]
[WhiteElo "1755"]
[BlackElo "1631"]
[Result "1-0"]
[PlyCount "46"]
[EventDate "2012.07.15"]

1. e4 d5 2. exd5 Qxd5 3. Nc3 Qa5 4. Bc4 Nf6 5. d3 c6 6. Qe2 Bf5 7. Bd2 Qc7 8.
Bb3 e6 9. Nf3 Nbd7 10. h3 Bd6 11. O-O-O Bf4 12. Rde1 Bxd2+ 13. Qxd2 h6 14. g4
Bh7 15. g5 hxg5 16. Nxg5 Bg6 17. Bxe6 fxe6 18. Nxe6 Qa5 19. Nc7+ Kf7 20. Nxa8
Rxa8 21. Kb1 Nd5 22. Qe2 N7f6 23. Qe6+ Kf8 1-0

[Event "C.to Italiano di Categoria C"]
[Site "Civitanova Marche ITA"]
[Date "2012.07.22"]
[Round "8"]
[White "Mircoli, Filippo"]
[Black "Marani, Luca"]
[WhiteElo "1688"]
[BlackElo "1816"]
[Result "1-0"]
[PlyCount "159"]
[EventDate "2012.07.15"]

1. e4 e5 2. Nf3 Nc6 3. Bb5 Bc5 4. c3 Nf6 5. O-O Nxe4 6. d4 exd4 7. cxd4 Bb4 8.
d5 Nd6 9. dxc6 Nxb5 10. Qe2+ Qe7 11. Qxb5 bxc6 12. Qg5 Qf8 13. Nc3 f6 14. Qh5+
Kd8 15. Be3 g6 16. Qh4 g5 17. Qc4 a5 18. Rad1 Bd6 19. Rfe1 Ba6 20. Qd4 c5 21.
Qd5 Rb8 22. Bxc5 Bb7 23. Bxd6 Bxd5 24. Bxf8 Bxf3 25. gxf3 Rxf8 26. b3 Rb4 27.
Ne4 f5 28. Nc5 Rf7 29. Nd3 Rh4 30. Kg2 a4 31. Ne5 Rg7 32. Re3 axb3 33. axb3 Kc8
34. Rc3 Rb4 35. Nc4 Kb8 36. Rd5 f4 37. Ne5 Kc8 38. Rcd3 d6 39. Nc4 Kd7 40. R5d4
Ke6 41. Re4+ Kf6 42. Nd2 Rb5 43. Rc4 d5 44. Rc6+ Kf5 45. Rdc3 Rb7 46. R3c5 Rd7
47. h3 Ke5 48. Kf1 Kd4 49. Rc3 Re7 50. Rc2 Kd3 51. R6c3+ Kd4 52. Nb1 c5 53.
Rd2+ Ke5 54. Re2+ Kd6 55. Rxe7 Rxe7 56. Nd2 Ra7 57. Rc1 Ra2 58. Ke2 Kc6 59. Kd3
Kb5 60. Kc3 Ra6 61. Re1 Rh6 62. Re5 d4+ 63. Kd3 Kb4 64. Rxg5 Rxh3 65. Rg4 h5
66. Rxf4 h4 67. Rf8 Rh2 68. Rb8+ Ka3 69. Ke2 h3 70. Rh8 Kb4 71. f4 Kc3 72. Ne4+
Kxb3 73. Nxc5+ Kc4 74. Nd3 Kc3 75. f5 Rh1 76. f6 h2 77. f7 Ra1 78. Rxh2 Ra2+
79. Kf3 Kxd3 80. f8=Q 1-0

[Event "C.to Italiano di Categoria C"]
[Site "Civitanova Marche ITA"]
[Date "2012.07.22"]
[Round "8"]
[White "Occhipinti, Giuseppe"]
[Black "Aprile, Martino"]
[WhiteElo "1971"]
[BlackElo "1925"]
[Result "1-0"]
[PlyCount "77"]
[EventDate "2012.07.15"]

1. e4 b6 2. d4 e6 3. Bd3 c5 4. Nf3 cxd4 5. Nxd4 Bc5 6. Nb3 Bb7 7. Nxc5 bxc5 8.
Qg4 g6 9. Bg5 Qb6 10. O-O Nc6 11. Nd2 Ne5 12. Qg3 d6 13. Bf4 Nxd3 14. cxd3 e5
15. Bxe5 dxe5 16. Qxe5+ Qe6 17. Qxh8 O-O-O 18. Qc3 Kb8 19. Rfd1 f5 20. Nf3 Rf8
21. Qe5+ Qxe5 22. Nxe5 Nf6 23. f3 Re8 24. Nc4 Ba6 25. b3 f4 26. Rac1 g5 27. Nd6
Re6 28. Nf5 g4 29. Rxc5 gxf3 30. gxf3 Nd7 31. Rc3 Ne5 32. Kf2 h5 33. d4 Nf7 34.
d5 Rg6 35. d6 Ng5 36. d7 Nh3+ 37. Ke1 Rg1+ 38. Kd2 Rg2+ 39. Kc1 1-0

[Event "C.to Italiano di Categoria C"]
[Site "Civitanova Marche ITA"]
[Date "2012.07.22"]
[Round "8"]
[White "Piana, Ricardo"]
[Black "Antonelli, Alessandro"]
[WhiteElo "1808"]
[BlackElo "1973"]
[Result "0-1"]
[PlyCount "73"]
[EventDate "2012.07.15"]

1. e4 d5 2. e5 Bf5 3. d4 e6 4. Nf3 c5 5. Bb5+ Nc6 6. O-O Nge7 7. Na3 a6 8. Bd3
cxd4 9. Bg5 Bg4 10. h3 Bxf3 11. Qxf3 Nxe5 12. Qg3 Nxd3 13. cxd3 h6 14. Qh4 Qd7
15. Bd2 Nf5 16. Qf4 Bd6 17. Qf3 Rc8 18. Rae1 O-O 19. g4 Nh4 20. Qh1 Rfe8 21. g5
hxg5 22. Bxg5 Be7 23. Bxh4 Bxh4 24. Re5 Bf6 25. Re2 e5 26. f3 Qf5 27. Rd1 Rc6
28. Nc2 Rce6 29. h4 e4 30. fxe4 Qg4+ 31. Qg2 Qxg2+ 32. Kxg2 dxe4 33. dxe4 Rxe4
34. Red2 Rxh4 35. Nxd4 Bxd4 36. Rxd4 Rxd4 37. Rxd4 0-1

[Event "C.to Italiano di Categoria C"]
[Site "Civitanova Marche ITA"]
[Date "2012.07.22"]
[Round "8"]
[White "Piergentili, Roberto"]
[Black "Medorini, Massimiliano"]
[WhiteElo "1713"]
[BlackElo "1884"]
[Result "1-0"]
[PlyCount "63"]
[EventDate "2012.07.15"]

1. d4 d5 2. c4 c6 3. Nc3 dxc4 4. a4 e5 5. Nf3 exd4 6. Nxd4 Bc5 7. e3 Bxd4 8.
exd4 Be6 9. Be2 Nf6 10. Bg5 Nbd7 11. Qc2 Qa5 12. Bd2 Qb6 13. Be3 Bd5 14. Ra3
O-O 15. O-O Rac8 16. a5 Qc7 17. Ra4 Rfe8 18. Rfa1 Qd6 19. R1a3 h5 20. Qd1 Ng4
21. Bxg4 hxg4 22. Qxg4 Re6 23. Bf4 Qe7 24. h4 Re8 25. Nxd5 cxd5 26. h5 Re4 27.
Rg3 f6 28. h6 g5 29. Qf5 Rxf4 30. Qxf4 Nf8 31. Qf5 Qe4 32. Qxf6 1-0

[Event "C.to Italiano di Categoria C"]
[Site "Civitanova Marche ITA"]
[Date "2012.07.22"]
[Round "8"]
[White "Renzetti, Leonardo"]
[Black "Marconi, Luca"]
[WhiteElo "1743"]
[BlackElo "1820"]
[Result "1-0"]
[PlyCount "89"]
[EventDate "2012.07.15"]

1. d4 d5 2. c4 c6 3. Nc3 Nf6 4. Nf3 e6 5. e3 Nbd7 6. Bd3 dxc4 7. Bxc4 b5 8. Bd3
Bb7 9. e4 a6 10. e5 Nd5 11. Nxd5 cxd5 12. O-O Be7 13. Bf4 Nf8 14. Qd2 Ng6 15.
Bg5 Nh4 16. Bxh4 Bxh4 17. Nxh4 Qxh4 18. Qb4 Qe7 19. Qxe7+ Kxe7 20. Rac1 Rac8
21. f4 Rxc1 22. Rxc1 Rc8 23. Rc5 Rxc5 24. dxc5 b4 25. Kf2 d4 26. g4 h6 27. Ke2
Kd7 28. Bb1 f6 29. Kd3 fxe5 30. fxe5 Bf3 31. h3 Bg2 32. h4 Bh3 33. Kxd4 Bxg4
34. Be4 Be2 35. c6+ Kc7 36. Kc5 Bb5 37. h5 Be2 38. Bg6 Bf3 39. Be8 Be4 40. b3
Kd8 41. Bd7 Kc7 42. Kxb4 Bxc6 43. Bxc6 Kxc6 44. Ka5 Kd5 45. Kxa6 1-0

[Event "C.to Italiano di Categoria C"]
[Site "Civitanova Marche ITA"]
[Date "2012.07.22"]
[Round "8"]
[White "Santeramo, Alessia Carmen"]
[Black "Battistelli, Alessandro"]
[WhiteElo "1834"]
[BlackElo "1963"]
[Result "1-0"]
[PlyCount "55"]
[EventDate "2012.07.15"]

1. e4 e5 2. Nf3 Nf6 3. Nxe5 d6 4. Nf3 Nxe4 5. Nc3 Nxc3 6. dxc3 Be7 7. Be3 Nc6
8. Qd2 Be6 9. O-O-O O-O 10. Kb1 Bf6 11. Rg1 Ne5 12. Nd4 Nc4 13. Bxc4 Bxc4 14.
g4 g6 15. Bh6 Re8 16. g5 Bh8 17. Rge1 Qd7 18. f4 Rxe1 19. Rxe1 Re8 20. f5 Be5
21. b3 Ba6 22. fxg6 hxg6 23. Qe3 c5 24. Nf3 b6 25. Nxe5 dxe5 26. Qf3 Re6 27.
Rd1 Qe7 28. Qa8+ 1-0